000 01109nam a2200253Ia 4500
999 _c37932
_d37932
001 3913
003 GE_BSU
005 20190906160752.0
008 181216s1978||||ge |||||||||||||| ||geo||
040 _cGE_BSU
041 _ageo
080 _a1(092) კ–65
100 _aკოდუა, ედუარდ
_9985
245 _aსერგი დანელია :
_bცხოვრება და ფილოსოფიური მოღვაწეობა /
_cრედ. ნ. ბერძენიშვილი.
264 _a თბ. :
_bთბილ. უნ-ტის გამ-ბა,
_c1978.
300 _a176 გვ. ;
_b28 სმ.
501 _aდანართი: გვ. 163-177.
520 _a რეზ. რუს., გერმ. და ინგლ. ენ.
600 _aდანელია სერგი
_9753
653 _aქართველი ფილოსოფოსები
653 _aქართული ფილოსოფია
700 _aბერძენიშვილი, ნ.
_eრედაქტორი
_93913
942 _cBK
_2udc